000
00311nam a22001337a 4500
008
171012b xxu||||| |||| 00| 0 eng d
020
_a
0721645186
041
_a
eng
080
_a
316
100
_a
50
101
_a
SOC
245
_a
UNDERSTANDING RESEARCH IN THE SOCIAL SCIENCES
_c
HARDYCK,C
942
_2
udc
_c
BK
999
_c
33327
_d
33327